Datum a čas kvízu
34
Celkem bodů
Celkový počet nahraných bodů na tomto kvízu bez doplňovacích otázek.
1.
Pořadí na kvízu
Konečné umístění týmu na tomto kvízu.
Zaznamenané odpovědi
| # | Otázka | Odpověď | Body | Výsledky |
|---|---|---|---|---|
| 1. | Žena jednoho bývalého českého... | Petr Nečas | 1 | |
| 2. | V Pekingu byla minulý týden v... | Labubu | 1 | |
| 3. | Ve čtvrtek měla v českých kine... | Jak vycvičit draka | 1 | |
| 4. | Který známý AI generátor obráz... | Midjourney | 1 | |
| 5. | V neděli skončil 77. ročník cy... | Dauphiné | 1 | |
| 6. | Toto téma začneme prostě, a to... | Mantikora (Mantichora) | 1 | |
| 7. | Termínem Jókai (Yōkai) se ozna... | D | 0 | |
| 8. | V roce 2009 byl Rodinným autem... | Škoda Yeti | 0 | |
| 9. | V této otázce bude vaším úkole... | 1A 2C 3B 4D | 1 | |
| 10. | Na závěr jedno české mytologic... | Blaník | 1 |